• 首页
  • 本馆介绍
  • 公告通知
  • 最新文献
  • 馆藏检索
  • 电子资源
  • 读者导购
  • 参考咨询
  • 我的图书馆
  • 登录
  • 详细信息显示
  • 放入我的书架
  • 预约/预借图书
  • 作者相关作品
  • 分类相关作品
  • 丛书相关作品
  • 出版社相关作品

书目信息

  • 表格格式
  • 工作单格式
  • 卡片格式
题名:
化工流体流动与传热
    
 
作者: 柴诚敬 , 张国亮 主编
分册:  
出版信息: 北京   化学工业出版社  2017.5
页数: 366页
开本: 26cm
丛书名:
单 册:
中图分类: TQ021.1 , TQ021.3
科图分类:
主题词: 化工过程--流体流动--高等教育--教材 , 化工过程--传热--高等教育--教材 , 化工过程 , 流体流动 , 传热
电子资源:
ISBN: 978-7-122-00803-9
000 01047nam0 2200325 450
001 0400002763
005 20171026085445.35
010    @a978-7-122-00803-9@dCNY38.00
100    @a20071105d2017 em y0chiy50 ea
101 0  @achi
102    @aCN@b110000
105    @aa z 000yy
106    @ar
200 1  @a化工流体流动与传热@9hua gong liu ti liu dong yu chuan re@f柴诚敬,张国亮主编
205    @a第2版
210    @a北京@c化学工业出版社@d2017.5
215    @a366页@c图@d26cm
300    @a普通高等教育“十一五”国家级规划教材 面向21世纪课程教材
330    @a本书分为:流体流动基础;流体输送机械;流体与颗粒之间的相对运动;流体搅拌;换热器;传热过程基础等。
606 0  @a化工过程@x流体流动@x高等教育@j教材
606 0  @a化工过程@x传热@x高等教育@j教材
606 0  @a化工过程
606 0  @a流体流动
606 0  @a传热
690    @aTQ021.1@v4
690    @aTQ021.3@v4
701  0 @a柴诚敬@9chai cheng jing@4主编
701  0 @a张国亮@9zhang guo liang@4主编
801  0 @aCN@b91MARC@c20171021
905    @b1032660-4@dTQ021.1@f5@e412=2
    
    化工流体流动与传热/柴诚敬,张国亮主编.-第2版.-北京:化学工业出版社,2017.5
    366页:图;26cm
    普通高等教育“十一五”国家级规划教材 面向21世纪课程教材
    
    ISBN 978-7-122-00803-9:CNY38.00
    本书分为:流体流动基础;流体输送机械;流体与颗粒之间的相对运动;流体搅拌;换热器;传热过程基础等。
●
相关链接 在E读中查询图书 在五车中查询图书 在当当中查询图书 在豆瓣中查询图书


正题名:化工流体流动与传热     索取号:TQ021.1/412=2         预约/预借

序号 登录号 条形码 馆藏地/架位号 状态 备注
1 1032660   210326609   第二样本阅览室/ [索取号:TQ021.1/412=2] 在馆    
2 1032661   210326618   密集书库-化学系/ [索取号:TQ021.1/412=2] 在馆    
3 1032662   210326627   第三借阅区/ [索取号:TQ021.1/412=2] 在馆    
4 1032663   210326636   第三借阅区/ [索取号:TQ021.1/412=2] 在馆    
5 1032664   210326645   第三借阅区/ [索取号:TQ021.1/412=2] 在馆    
唐山师范学院图书馆 欢迎您!
大连网信软件有限公司© 版权所有